000 00399cam a2200157ua 4500
003 OSt
005 20260213113732.0
008 260213b |||||||| |||| 00| 0 eng d
020 _a81 7061 022 2
041 _aeng
082 _a028.7313
_bBUR/HA
245 0 0 _aHandbook of agricultural machinery terminology /
260 _aNewdelhi :
_bKapoor art press ,
_c1982.
300 _a ; .
942 _cBK
999 _c9948
_d9948